000 00343 a2200121 4500
001 ART_41983
005 20260410161815.0
008 260409a
245 1 0 _aEl pensamiento crítico
100 1 _aCardinaux, Nancy
700 1 _aPalombo, María Angélica
773 0 _tAcademia
_g- Año 5, Nº 10 (jul./dic. 2007)
_wREV4314
999 _c21783
_d21783